000
00332nam a2200145Ia 4500
005
20241220035537.0
008
240331s9999 xx 000 0 und d
082
_b
WIJ
_a
823
100
_a
Wijenaike, P
245
4
_a
The Rebel
260
_a
Colombo
_b
Wesley Press
_c
1979
300
_a
155 p .,
650
_a
Short Stories
942
_c
L
999
_c
3325
_d
3325